Viễn thám cơ sở
Đã lưu trong:
| Tác giả chính: | |
|---|---|
| Định dạng: | Sách |
| Ngôn ngữ: | Undetermined |
| Được phát hành: |
TP.HCM
Đại học Quốc gia TP.HCM
2006
|
| Những chủ đề: | |
| Truy cập trực tuyến: | http://lrc.tdmu.edu.vn/opac/search/detail.asp?aID=2&ID=4046 |
| Các nhãn: |
Thêm thẻ
Không có thẻ, Là người đầu tiên thẻ bản ghi này!
|
| Thư viện lưu trữ: | Trung tâm Học liệu Trường Đại học Thủ Dầu Một |
|---|
| LEADER | 00610nam a2200193Ia 4500 | ||
|---|---|---|---|
| 001 | TDMU_4046 | ||
| 008 | 210410s9999 xx 000 0 und d | ||
| 082 | |a 526.9 | ||
| 090 | |b H11 | ||
| 100 | |a Hà, Quang Hải | ||
| 245 | 0 | |a Viễn thám cơ sở | |
| 245 | 0 | |c Hà Quang Hải, Trần Tuấn Tú | |
| 260 | |a TP.HCM | ||
| 260 | |b Đại học Quốc gia TP.HCM | ||
| 260 | |c 2006 | ||
| 300 | |a 361tr. | ||
| 650 | |a Viễn thám; Trắc địa | ||
| 856 | |u http://lrc.tdmu.edu.vn/opac/search/detail.asp?aID=2&ID=4046 | ||
| 980 | |a Trung tâm Học liệu Trường Đại học Thủ Dầu Một | ||